| 000 | 00000nas##2200000za#4500 |
| 001 | 9.504029 |
| 003 | CaOODSP |
| 005 | 20210305160055 |
| 007 | cr ||||||||||| |
| 008 | 150406c2001||||xxc|| p o||||f| |0fre|d |
| 040 | |aCaOODSP|bfre |
| 043 | |an-cn--- |
| 086 | 1 |aY9-12F-PDF |
| 110 | 1 |aCanada. |bParlement. |bSénat. |
| 245 | 10|aRapport du Sénat / |h[ressource électronique]|crédactrice en chef : Diane Boucher. |
| 260 | |aOttawa - Ontario : |bSénat |cc2001-[2004]. |
| 310 | |aTrimestriel |
| 362 | 1 |aVol. 1, nº 1 (janv. 2001) - [Vol. 3, nº 1 (Été 2004)] |
| 500 | |aNe paraît plus après le Vol. 3, nº 1 (Été 2004)? |
| 691 | 07|aPublication en série|2gcpds |
| 691 | 07|aSénat|2gcpds |
| 775 | 08|tThe Senate report / |w(CaOODSP)9.507644 |
| 776 | 0#|tThe Senate report |w(CaOODSP)9.508874 |
| 776 | 0#|tRapport du Sénat |w(CaOODSP)9.508875 |